00418nam a2200133Ia 450000500170000000800410001702000180005808200250007610000200010124500740012126000400019530000140023544000350024920241107095447.0240126s9999 xx 000 0 und d a9780143425359 a338.740954 GOS;1 R aGoswami, Omkar. 0aGoras and desis : managing agencies and the making of corporate India bPenguin Random HouseaHaryanac2016 axxxv, 248 aThe stories of Indian business